| 000 | 00931nam a2200229Ia 4500 | ||
|---|---|---|---|
| 003 | GCL | ||
| 008 | 140319s9999 xx 000 0 ara d | ||
| 020 | _a1716081977 | ||
| 040 |
_aGCL / _cGCL |
||
| 082 | 0 | 4 |
_a355.3432 _bف ح |
| 100 | 1 | _aفريد الفالوجى | |
| 245 | 1 | 0 |
_aحراس الهيكل الجزء الثانى : الاغتيالات : _bعمليات الموساد الخارجية فى نصف قرن الخطف - الاغتيالات - الفضائح / _cفريد الفالوجى |
| 260 |
_aالقاهرة : _bأطلس للنشر والانتاج الاعلامى ، _c2004 |
||
| 300 |
_a415 ص ؛ _c24 سم |
||
| 650 | 0 | 4 | _aالاغتيال |
| 650 | 0 | 4 | _aالجرائم السياسية |
| 650 | 0 | 4 | _aالموساد |
| 650 | 0 | 4 | _aالمخابرات العسكرية - اسرائيل |
| 650 | 0 | 4 | _aالمخابرات - اسرائيل |
| 650 | 0 | 4 | _aالاغتيالات السياسية |
| 942 |
_2ddc _cBK |
||
| 999 |
_c9364 _d9364 |
||